|
|
|
|
| LEADER |
01219nam a2200253 a 4500 |
| 001 |
26972 |
| 008 |
130514s1995 ph a b 100 0 eng d |
| 020 |
|
|
|a 2831702461
|
| 020 |
|
|
|a 9715610617
|
| 040 |
|
|
|a BD-DhAAL
|c BD-DhAAL
|
| 082 |
0 |
0 |
|a 333.9516095
|
| 245 |
0 |
0 |
|a Biodiversity conservation in the asia and pacific region :
|b constraints and oppurtunities.
|
| 260 |
|
|
|a Manila, Philippines :
|b Asian Development Bank,
|c c1995.
|
| 300 |
|
|
|a 508 p. :
|b ill. ;
|c 23 cm.
|
| 500 |
|
|
|a "Proceedings of a regional conference, 6-8 June 1994"
|
| 500 |
|
|
|a "This publication contains the proceedings of the Regional Conference on Biodiversity Conservation held at the headquarters of the Asian Development Bankin Manila, Philippines from 6 to 8 June 1994" - foreword.
|
| 504 |
|
|
|a Includes bibliographical references.
|
| 541 |
1 |
|
|e 26972
|
| 650 |
|
0 |
|a Biological diversity conservation
|z Asia
|
| 650 |
|
0 |
|a Biological diversity conservation
|z Pacific Area
|
| 710 |
2 |
|
|a Asian Development Bank.
|
| 852 |
1 |
|
|a Ayesha Abed Library
|j General Shelf.
|
| 999 |
|
|
|c 13456
|d 13456
|
| 952 |
|
|
|0 0
|1 0
|2 ddc
|4 0
|6 333_951609500000000_BIO
|7 0
|9 22382
|a BRACUL
|b BRACUL
|c GEN
|d 2013-05-19
|e VC of BRACU
|l 0
|o 333.9516095 BIO
|p 3010026972
|r 2013-05-19
|t 1
|w 2013-05-19
|y BK
|